• 首页
  • 本馆介绍
  • 公告通知
  • 最新文献
  • 馆藏检索
  • 电子资源
  • 读者导购
  • 参考咨询
  • 我的图书馆
  • 登录
  • 详细信息显示
  • 放入我的书架
  • 预约/预借图书
  • 作者相关作品
  • 分类相关作品
  • 丛书相关作品
  • 出版社相关作品

书目信息

  • 表格格式
  • 工作单格式
  • 卡片格式
题名:
经理人激励与股票期权
    
 
作者: 谢德仁 著
分册:  
出版信息: 北京   中国人民大学出版社  2004
页数: 502页
开本: 23cm
丛书名: 企业理论丛书
单 册:
中图分类: F276.6 , F270
科图分类:
主题词: 持股公司 , 持股公司--企业管理--激励--研究
电子资源:
ISBN: 7-300-06001-3
000 01108nam0 2200313 450
000 01126nam0 2200301 450
000 01057nam0 2200277 450
000 01021oam2 2200265 45
005 20070725132122.51
010    @a7-300-06001-3@dCNY32.80
100    @a20070719d2004 em y0chiy0120 ea
101 0  @achi
102    @aCN@b110000
105    @ay z 000yy
200 1  @a经理人激励与股票期权@AJing Li Ren Ji Li Yu Gu Piao Qi Quan@f谢德仁著@FXie De Ren Zhu
210    @a北京@c中国人民大学出版社@d2004
215    @a502页@d23cm
225 2  @a企业理论丛书
300    @a国家自然科学基金资助项目“股票期权的激励效应分析与会计处理” (批准号为70072012)的最终成果之一
330    @a本书创新性的提出和剖析了股东价值创造链,深入论述经理人股票期权激励效应的经验研究设计,综述其经验证据等。
410  0 @12001 @a企业理论丛书
510 1  @aExecutive Incentives and Stock Options@zeng
606 0  @a持股公司
606 0  @a持股公司@x企业管理@x激励@x研究
690    @aF276.6@v4
690    @aF270@v3
701  0 @a谢德仁@AXie De Ren@f(1972~)@4著
801  0 @aCN@bTAOJIN@c20070725
905    @a10447@dF270@e603
    
    经理人激励与股票期权/谢德仁著.-北京:中国人民大学出版社,2004
    502页;23cm.-(企业理论丛书)
    国家自然科学基金资助项目“股票期权的激励效应分析与会计处理” (批准号为70072012)的最终成果之一
    
    ISBN 7-300-06001-3:CNY32.80
    本书创新性的提出和剖析了股东价值创造链,深入论述经理人股票期权激励效应的经验研究设计,综述其经验证据等。
●
相关链接 在E读中查询图书 在五车中查询图书 在当当中查询图书 在豆瓣中查询图书


正题名:经理人激励与股票期权     索取号:F270/603         预约/预借

序号 登录号 条形码 馆藏地/架位号 状态 备注
1 0825342   208253423   第一样本阅览室/ [索取号:F270/603] 在馆    
2 0825343   208253432   密集书库/ [索取号:F270/603] 在馆    
3 0825344   208253441   第一借阅区/ [索取号:F270/603] 在馆    
4 0825345   208253450   第一借阅区/ [索取号:F270/603] 在馆    
5 0825346   208253469   第一借阅区/ [索取号:F270/603] 在馆    
6 0825347   208253478   密集书库/ [索取号:F270/603] 在馆    
7 0825348   208253487   密集书库/ [索取号:F270/603] 在馆    
8 0825349   208253496   第一借阅区/ [索取号:F270/603] 在馆    
唐山师范学院图书馆 欢迎您!
大连网信软件有限公司© 版权所有